| 000 | 00602cam a2200205 4500 | ||
|---|---|---|---|
| 001 | D15365 | ||
| 008 | 090401t1974 xxu||||| |||| 00| 0 eng d | ||
| 035 | _a(Sirsi) u22221 | ||
| 041 | _aeng | ||
| 050 | _a333.33 | ||
| 110 |
_aRoyal Institution of Chartered Surveyors _94900 |
||
| 245 | _aEstate Agency Spring Meeting, Harrogate, 26-28 April 1974: information, programme and attendance list | ||
| 260 |
_bRICS _c1974 |
||
| 300 | _a7 papers | ||
| 350 | _a0 | ||
| 520 | _aFiled in box 1974/19A | ||
| 710 |
_aValuationEstate Agency and Planning Division _91015 |
||
| 942 | _n0 | ||
| 948 | _c04/03/1997 | ||
| 999 |
_c88147 _d88147 |
||